000 00997nam a2200229 a 4500
008 120416s1989 ||||||||||||||||| || u
020 _a0131193554
050 _aHD 60.5.U5 Bea
100 _aBeauchamp, Tom L
245 1 0 _aCase studies in business, society and ethics
250 _a2nd ed.
260 _aEnglewood Cliffs, N.J.
_bPrentice Hall
_c1989
300 _axx, 276p.
350 _a0.00
500 _aIncludes bibliographical references.
650 _aINDUSTRY
650 _aINDUSTRIES--SOCIAL ASPECTS--UNITED STATES--CASE STUDIES
650 _aIndustrial policy--United States--Case studies
650 _aTrade regulation--United States--Case studies
995 _aANNEX COLLECTION (Main Library)
_D0.00
_e722160
_FCBU-MAIN LIBRARY (Kitwe)
_H1
_I27.45
_jHD 60.5.U5 Bea
_M2
_UAVAILABLE
_y002261
_ZAnnex Low-Usage Collection
995 _aMAIN LIBRARY OPEN ACCESS
_D0.00
_e722159
_FCBU-MAIN LIBRARY (Kitwe)
_H2
_I27.45
_jHD 60.5.U5 Bea
_M1
_UAVAILABLE
_y002260
_ZMain Library Open Access Collection
999 _c79168
_d79168